000
00202 a2200097 4500
001
1181
100
_a
Morley, A
245
_a
Electrical engineering science
260
_a
_b
Green
_c
090
_c
743
_d
743
942
_a
NUST-CAE
_c
M
_c
34078
999
_c
236254
_d
236254